[Event "CRI-ch 68th"]
[Site "San Jose"]
[Date "2005.07.18"]
[Round "13"]
[White "Leandro Perez, Jhonny"]
[Black "Arias Formoso, Rodolfo"]
[Result "1/2-1/2"]
[WhiteElo "2133"]
[BlackElo "2173"]
[PlyCount "25"]
[EventDate "2005.07.02"]
[EventType "tourn"]
[EventRounds "13"]
[EventCountry "CRI"]
[SourceTitle "CBM 107 Extra"]
[Source "ChessBase"]
[SourceDate "2005.09.01"]
[SourceVersion "1"]
[SourceVersionDate "2005.09.01"]
[SourceQuality "1"]

1. e4 c6 2. d4 d5 3. exd5 cxd5 4. c4 Nf6 5. Nc3 Nc6 6. Nf3 Bg4 7. Be3 e5 8. cxd5 Nxd5 9. Be2 Bb4 10. Rc1 0-0 11. 0-0 Nxe3 12. fxe3 Bxc3 13. bxc3 1/2-1/2

[Event "CRI-ch 68th"]
[Site "San Jose"]
[Date "2005.07.11"]
[Round "10"]
[White "Murillo Tsijli, Alexis"]
[Black "Leandro Perez, Jhonny"]
[Result "1-0"]
[WhiteElo "2362"]
[BlackElo "2133"]
[PlyCount "125"]
[EventDate "2005.07.02"]
[EventType "tourn"]
[EventRounds "13"]
[EventCountry "CRI"]
[SourceTitle "CBM 107 Extra"]
[Source "ChessBase"]
[SourceDate "2005.09.01"]
[SourceVersion "1"]
[SourceVersionDate "2005.09.01"]
[SourceQuality "1"]

1. Nf3 Nf6 2. g3 g6 3. Bg2 Bg7 4. 0-0 0-0 5. c4 d5 6. d4 dxc4 7. Na3 Nc6 8. Nxc4 Be6 9. b3 Bd5 10. e3 a5 11. a4 Qc8 12. Qe2 Re8 13. Bb2 h6 14. Nfd2 Bxg2 15. Kxg2 Nh7 16. f4 f6 17. Nf3 e6 18. Kh1 Qd7 19. Qg2 Nb4 20. g4 g5 21. Ne1 Nd5 22. Nd3 b6 23. f5 h5 24. e4 hxg4 25. Qxg4 exf5 26. Rxf5 Nb4 27. Nf2 Rad8 28. d5 c6 29. dxc6 Qxc6 30. Qf3 Re6 31. Rg1 Nc2 32. Rd5 Rde8 33. Rgd1 Nb4 34. Rd6 Qc7 35. Rd7 Qf4 36. Qxf4 gxf4 37. h4 R8e7 38. Rxe7 Rxe7 39. Kg2 f5 40. exf5 Bxb2 41. Nxb2 Re3 42. Rd8+ Kg7 43. Rd7+ Kg8 44. Nbd3 f3+ 45. Kg3 Nf6 46. Rd8+ Kg7 47. Nxb4 axb4 48. Rd3 Ne4+ 49. Kf4 Rxd3 50. Nxd3 f2 51. Nxf2 Nxf2 52. h5 Kf6 53. h6 Nd3+ 54. Ke3 Ne5 55. Kd4 Kxf5 56. h7 Nf7 57. Kc4 Kg6 58. Kxb4 Kxh7 59. Kb5 Ne5 60. Kxb6 Kg7 61. a5 Kf7 62. a6 Nd7+ 63. Kc7 1-0

[Event "CRI-ch 68th"]
[Site "San Jose"]
[Date "2005.07.09"]
[Round "8"]
[White "Gonzalez Acosta, Bernal Manuel"]
[Black "Leandro Perez, Jhonny"]
[Result "1-0"]
[WhiteElo "2405"]
[BlackElo "2133"]
[PlyCount "47"]
[EventDate "2005.07.02"]
[EventType "tourn"]
[EventRounds "13"]
[EventCountry "CRI"]
[SourceTitle "CBM 107 Extra"]
[Source "ChessBase"]
[SourceDate "2005.09.01"]
[SourceVersion "1"]
[SourceVersionDate "2005.09.01"]
[SourceQuality "1"]

1. e4 c5 2. Nc3 Nc6 3. g3 g6 4. Bg2 Bg7 5. d3 d6 6. f4 e6 7. Nf3 Nge7 8. 0-0 Rb8 9. Be3 Nd4 10. Bf2 0-0 11. Nxd4 cxd4 12. Ne2 e5 13. c3 dxc3 14. Nxc3 exf4 15. gxf4 Qa5 16. a3 Be6 17. d4 d5 18. Bh4 Rfe8 19. Bxe7 Rxe7 20. f5 dxe4 21. fxe6 Rxe6 22. Nxe4 Rd8 23. d5 Rxd5 24. Qxd5 1-0

[Event "CRI-ch qual"]
[Site "San Jose"]
[Date "2005.06.20"]
[Round "6"]
[White "Aguilar Pina, Luis Gerardo"]
[Black "Leandro Perez, Jhonny"]
[Result "0-1"]
[WhiteElo "2010"]
[BlackElo "2107"]
[PlyCount "64"]
[EventDate "2005.06.??"]
[EventType "swiss"]
[EventRounds "9"]
[EventCountry "CRI"]
[SourceTitle "EXT 2006"]
[Source "ChessBase"]
[SourceDate "2005.11.24"]
[SourceVersion "1"]
[SourceVersionDate "2005.11.24"]
[SourceQuality "1"]

1. d4 Nf6 2. Nf3 g6 3. g3 Bg7 4. c4 d5 5. Bg2 0-0 6. cxd5 Nxd5 7. 0-0 Nb6 8. Nc3 c6 9. a4 a5 10. Re1 Na6 11. e4 Bg4 12. e5 Qd7 13. b3 Rad8 14. Be3 Nb4 15. Ne4 Qc8 16. Qb1 N6d5 17. Bd2 f6 18. exf6 exf6 19. Bxb4 Nxb4 20. Nc5 b6 21. Ne4 f5 22. Neg5 f4 23. Ne5 fxg3 24. hxg3 Bf5 25. Be4 Rxd4 26. Bxf5 Rxf5 27. Ngf3 Bxe5 28. Nxe5 Rh5 29. Nxg6 Qh3 30. Re8+ Kg7 31. Re7+ Kf6 32. Nh4 Rhxh4 0-1

[Event "CRI-ch"]
[Site "San Jose"]
[Date "2004.07.09"]
[Round "3"]
[White "Leandro Perez, Jhonny"]
[Black "Minero Pineda, Sergio"]
[Result "0-1"]
[WhiteElo "2133"]
[BlackElo "2429"]
[PlyCount "92"]
[EventDate "2004.07.05"]
[EventType "tourn"]
[EventRounds "13"]
[EventCountry "CRI"]
[SourceTitle "EXT 2005"]
[Source "ChessBase"]
[SourceDate "2004.11.15"]
[SourceVersion "1"]
[SourceVersionDate "2004.11.15"]
[SourceQuality "1"]

1. e4 e6 2. d4 d5 3. Nd2 Nf6 4. e5 Nfd7 5. Bd3 c5 6. c3 Nc6 7. Ne2 cxd4 8. cxd4 f6 9. exf6 Nxf6 10. 0-0 Bd6 11. Nf3 0-0 12. Bg5 Bd7 13. Rc1 Be8 14. Ng3 h6 15. Be3 Nh5 16. Re1 Nf4 17. Bb1 Qf6 18. Bxf4 Bxf4 19. Qd3 g6 20. Nh5 Qf7 21. Nxf4 Qxf4 22. Rcd1 Rf6 23. h4 Qg4 24. a3 Bf7 25. Re3 Rf8 26. Ne5 Nxe5 27. dxe5 Rf5 28. Qd2 Rh5 29. Rg3 Qxh4 30. Rh3 Qg5 31. Qxg5 hxg5 32. Rb3 b6 33. Rc1 Kg7 34. g4 Rh4 35. Rc7 Rxg4+ 36. Kf1 Rh8 37. Ke2 Rh1 38. Bd3 Rf4 39. Rxa7 Rh2 40. Rxb6 Rhxf2+ 41. Ke1 Kh6 42. Rb8 g4 43. Rh8+ Kg5 44. Be2 g3 45. Rh3 g2 46. Rxf7 g1Q+ 0-1

[Event "CRI-ch"]
[Site "San Jose"]
[Date "2004.07.05"]
[Round "1"]
[White "Leandro Perez, Jhonny"]
[Black "Ugalde Garcia, Ronald"]
[Result "0-1"]
[WhiteElo "2133"]
[BlackElo "2165"]
[PlyCount "156"]
[EventDate "2004.07.05"]
[EventType "tourn"]
[EventRounds "13"]
[EventCountry "CRI"]
[SourceTitle "EXT 2005"]
[Source "ChessBase"]
[SourceDate "2004.11.15"]
[SourceVersion "1"]
[SourceVersionDate "2004.11.15"]
[SourceQuality "1"]

1. e4 c6 2. d4 d5 3. Nd2 dxe4 4. Nxe4 Bf5 5. Ng3 Bg6 6. h4 h6 7. Nh3 Nf6 8. Nf4 Bh7 9. Bc4 e5 10. dxe5 Qa5+ 11. Qd2 Qxe5+ 12. Kd1 Be7 13. Re1 Qc5 14. Qe3 0-0 15. Bd3 Bxd3 16. Nxd3 Qxe3 17. Bxe3 Nd5 18. Nf5 Bf6 19. Bd4 Bxd4 20. Nxd4 Nd7 21. c4 N5b6 22. b3 Rad8 23. Kc2 Nf6 24. Nf5 Rfe8 25. Nc5 g6 26. Ng3 Rb8 27. Rxe8+ Nxe8 28. Re1 Kf8 29. h5 Nf6 30. Rh1 Ng4 31. hxg6 fxg6 32. Rh4 h5 33. Nxh5 gxh5 34. Rxh5 Nf6 35. Rh8+ Ng8 36. Rh7 Re8 37. Kd3 Ne7 38. Nxb7 Kg8 39. Rh6 Nd7 40. f4 Kg7 41. Rd6 Nf6 42. Nc5 Rh8 43. Ne6+ Kg6 44. Nd4 Rh1 45. g4 Rh3+ 46. Ke2 Kf7 47. g5 Nh5 48. Nxc6 Nxf4+ 49. Ke1 Nd3+ 50. Rxd3 Rh1+ 51. Kd2 Nxc6 52. Rd7+ Ke6 53. Rc7 Kd6 54. Rg7 Rh2+ 55. Kc3 Rxa2 56. Rg6+ Kc5 57. Rg8 Rg2 58. g6 Rg3+ 59. Kc2 Ne7 60. Rg7 Kd6 61. c5+ Ke6 62. b4 Rxg6 63. Rh7 Rg3 64. Kb2 a6 65. Rh6+ Rg6 66. Rh8 Nc6 67. Ka3 Kd5 68. Rh5+ Kc4 69. Rh4+ Kb5 70. Rh5 Rg3+ 71. Kb2 Kxb4 72. Kc2 Rg2+ 73. Kd3 a5 74. Ke4 Rd2 75. Ke3 Rd7 76. Rg5 a4 77. Rg4+ Kb3 78. Ke4 Rd4+ 0-1

[Event "CRI-ch 68th"]
[Site "San Jose"]
[Date "2004.05.18"]
[Round "1"]
[White "Castro Madrigal, Randall"]
[Black "Leandro Perez, Jhonny"]
[Result "1/2-1/2"]
[WhiteElo "2002"]
[BlackElo "2106"]
[PlyCount "85"]
[EventDate "2004.05.18"]
[EventType "swiss"]
[EventRounds "9"]
[EventCountry "CRI"]
[SourceTitle "EXT 2008"]
[Source "ChessBase"]
[SourceDate "2007.11.25"]
[SourceVersion "1"]
[SourceVersionDate "2007.11.25"]
[SourceQuality "1"]

1. c4 Nf6 2. Nc3 d5 3. cxd5 Nxd5 4. d4 g6 5. e4 Nxc3 6. bxc3 c5 7. Be3 Bg7 8. Nf3 0-0 9. Be2 Qa5 10. 0-0 Na6 11. Qb3 b6 12. Rac1 cxd4 13. cxd4 Bb7 14. Rfe1 Qb4 15. Bxa6 Qxb3 16. axb3 Bxa6 17. Rc7 Rfc8 18. Rec1 Kf8 19. b4 Ke8 20. d5 h6 21. Nd4 Bxd4 22. Bxd4 Rxc7 23. Rxc7 Rc8 24. Rxc8+ Bxc8 25. Kf1 Ba6+ 26. Ke1 Bd3 27. f3 f5 28. e5 Bc4 29. d6 exd6 30. exd6 Kd7 31. Be5 Ke6 32. Kd2 Bb5 33. Bg7 Kxd6 34. Bxh6 Kd5 35. Ke3 Bf1 36. g4 Kc4 37. Bf8 fxg4 38. fxg4 Bh3 39. Kf4 a5 40. bxa5 bxa5 41. Kg5 a4 42. Kxg6 Bxg4 43. h4 1/2-1/2

[Event "CRI-ch 67th"]
[Site "Cenfotec"]
[Date "2003.06.15"]
[Round "3"]
[White "Arias Formoso, Rodolfo"]
[Black "Leandro Perez, Jhonny"]
[Result "0-1"]
[WhiteElo "2180"]
[BlackElo "2113"]
[PlyCount "86"]
[EventDate "2003.06.13"]
[EventType "swiss"]
[EventRounds "11"]
[EventCountry "CRI"]
[SourceTitle "CBM 094 Extra"]
[Source "ChessBase"]
[SourceDate "2003.07.09"]
[SourceVersion "2"]
[SourceVersionDate "2003.07.09"]
[SourceQuality "1"]

1. d4 e6 2. Nf3 f5 3. Bf4 Nf6 4. e3 d5 5. c3 Bd6 6. Bd3 0-0 7. Nbd2 Qe7 8. Ne5 c5 9. h3 Bd7 10. a4 c4 11. Bc2 Be8 12. 0-0 Bh5 13. f3 Nfd7 14. g4 Be8 15. Nxd7 Nxd7 16. Bxd6 Qxd6 17. f4 fxg4 18. hxg4 Bg6 19. Kg2 Nf6 20. Bxg6 hxg6 21. g5 Nh5 22. Qg4 Qb6 23. Rf2 e5 24. a5 Qxb2 25. Rb1 Qxc3 26. Qe6+ Kh7 27. f5 Rxf5 28. Rxf5 gxf5 29. Qxf5+ Kg8 30. Nf3 Qxe3 31. Qe6+ Kh8 32. Qh3 Qe2+ 33. Kg1 Qe3+ 34. Kg2 g6 35. Re1 Qf4 36. Rxe5 Rf8 37. Rxd5 Qe4 38. Re5 Qc2+ 39. Kg1 Qd1+ 40. Kg2 c3 41. Re1 Qc2+ 42. Kg1 Qd3 43. Kf2 Qxd4+ 0-1

[Event "CRI-ch"]
[Site "San Jose"]
[Date "2001.06.01"]
[Round "5"]
[White "Arias Formoso, Rodolfo"]
[Black "Leandro Perez, Jhonny"]
[Result "1/2-1/2"]
[WhiteElo "2180"]
[BlackElo "2113"]
[PlyCount "73"]
[EventDate "2001.05.26"]
[EventType "swiss"]
[EventRounds "13"]
[EventCountry "CRI"]
[SourceTitle "CBM 082 Extra"]
[Source "ChessBase"]
[SourceDate "2001.07.03"]
[SourceVersion "1"]
[SourceVersionDate "2001.07.03"]
[SourceQuality "1"]

1. d4 Nf6 2. Nf3 c5 3. c3 e6 4. g3 b6 5. Bg2 Bb7 6. Bg5 Be7 7. 0-0 0-0 8. Nbd2 Nc6 9. Re1 Rc8 10. e3 cxd4 11. exd4 h6 12. Bxf6 Bxf6 13. Ne4 Be7 14. d5 exd5 15. Qxd5 Na5 16. Qf5 Nc4 17. Ne5 Nxe5 18. Qxe5 d5 19. Rad1 Re8 20. Qh5 Qc7 21. Nd2 Bf6 22. Nb3 Qc4 23. Qf5 Qa4 24. Qb1 Rcd8 25. h3 Rxe1+ 26. Rxe1 Ba6 27. Qc2 Bc4 28. Nd4 Qxc2 29. Nxc2 Bxa2 30. Nb4 Bc4 31. Rd1 a5 32. Nxd5 Kf8 33. Ne3 Rxd1+ 34. Nxd1 Ke7 35. Ne3 Be6 36. Nd5+ Bxd5 37. Bxd5 1/2-1/2

[Event "CRI-ch"]
[Site "Antiguo"]
[Date "1999.08.16"]
[Round "13"]
[White "Leandro Perez, Jhonny"]
[Black "Murillo Tsijli, Alexis"]
[Result "1/2-1/2"]
[WhiteElo "2105"]
[BlackElo "2419"]
[PlyCount "122"]
[EventDate "1999.07.31"]
[EventType "tourn"]
[EventRounds "13"]
[EventCountry "CRI"]
[EventCategory "2"]
[SourceTitle "EXT 2000"]
[Source "ChessBase"]
[SourceDate "1999.11.16"]
[SourceVersion "1"]
[SourceVersionDate "1999.11.16"]
[SourceQuality "1"]

1. e4 e6 2. d4 d5 3. Nd2 Nf6 4. e5 Nfd7 5. Bd3 c5 6. c3 Nc6 7. Ne2 cxd4 8. cxd4 f6 9. exf6 Nxf6 10. Nf3 Qc7 11. 0-0 Bd6 12. Nc3 a6 13. Bg5 0-0 14. Bh4 Nh5 15. Re1 g6 16. Bg5 Qg7 17. Be3 Nf4 18. Bf1 Bd7 19. Rc1 g5 20. Kh1 Kh8 21. g3 Rg8 22. gxf4 gxf4 23. Bd2 Nxd4 24. Bh3 e5 25. Rg1 Bxh3 26. Rxg7 Rxg7 27. Nh4 Be7 28. Bxf4 Bxh4 29. Bg3 Bxg3 30. fxg3 Bg4 31. Qe1 Bf3+ 32. Kg1 Re8 33. Qe3 b5 34. b4 Rc7 35. Kf2 Rf7 36. Kg1 Rf5 37. Rf1 Rc8 38. Rf2 Re8 39. h3 Re6 40. g4 Rff6 41. Kh2 h6 42. Kg3 Kg7 43. a3 Kf7 44. Kh2 Ke7 45. Kg3 h5 46. Qg5 hxg4 47. Nxd5+ Kf7 48. Nxf6 Rxf6 49. hxg4 Ne2+ 50. Rxe2 Bxe2 51. Qxe5 Bc4 52. g5 Rg6 53. Kf4 Kg8 54. Qe8+ Kg7 55. Qe7+ Bf7 56. Kf5 Kg8 57. Qd8+ Kg7 58. Qd4+ Kg8 59. Qc3 Kh7 60. Qe5 Kg8 61. Qe7 Kg7 1/2-1/2

[Event "CRI-ch"]
[Site "Antiguo"]
[Date "1999.08.13"]
[Round "11"]
[White "Leandro Perez, Jhonny"]
[Black "Jimenez Molina, Juan Leon"]
[Result "1-0"]
[WhiteElo "2105"]
[BlackElo "2252"]
[PlyCount "123"]
[EventDate "1999.07.31"]
[EventType "tourn"]
[EventRounds "13"]
[EventCountry "CRI"]
[EventCategory "2"]
[SourceTitle "EXT 2000"]
[Source "ChessBase"]
[SourceDate "1999.11.16"]
[SourceVersion "1"]
[SourceVersionDate "1999.11.16"]
[SourceQuality "1"]

1. e4 g6 2. d4 Bg7 3. Nc3 c5 4. Nf3 cxd4 5. Nxd4 Nc6 6. Be3 Nf6 7. Bc4 0-0 8. f3 Qb6 9. Bb3 Ng4 10. fxg4 Bxd4 11. Bxd4 Qxd4 12. Qxd4 Nxd4 13. 0-0-0 Nc6 14. g5 d6 15. Nd5 Bg4 16. Rd2 Rac8 17. Ba4 Kg7 18. Re1 Be6 19. Nf4 Rb8 20. Nxe6+ fxe6 21. Bxc6 bxc6 22. c4 Rf4 23. h3 Kf7 24. Ree2 e5 25. Kc2 Ke6 26. Rd3 Rb4 27. Kc3 a5 28. a3 Rb7 29. b3 c5 30. Rd1 Rb8 31. Rde1 Rbf8 32. Rd1 Rh4 33. Rd3 Rhf4 34. Rd1 R8f7 35. Kc2 Rh4 36. Rd3 Rh5 37. Rg3 Rf1 38. Rg4 Rf4 39. Rg3 Rhh4 40. Rge3 Rf1 41. Re1 Rxe1 42. Rxe1 Rh5 43. Rg1 Rxg5 44. g4 h5 45. Kd3 Kf6 46. Ke3 e6 47. Kf3 d5 48. Kg3 dxe4 49. Rf1+ Rf5 50. gxf5 exf5 51. h4 f4+ 52. Kf2 e3+ 53. Kf3 Kf5 54. Rg1 e4+ 55. Ke2 Ke5 56. Rxg6 Kd4 57. Rd6+ Kc3 58. Rd5 Kxb3 59. Rxc5 a4 60. Rxh5 Kxa3 61. Ra5 Ka2 62. h5 1-0

[Event "CRI-ch"]
[Site "Antiguo"]
[Date "1999.08.08"]
[Round "7"]
[White "Minero Pineda, Sergio"]
[Black "Leandro Perez, Jhonny"]
[Result "1-0"]
[WhiteElo "2382"]
[BlackElo "2105"]
[PlyCount "43"]
[EventDate "1999.07.31"]
[EventType "tourn"]
[EventRounds "13"]
[EventCountry "CRI"]
[EventCategory "2"]
[SourceTitle "EXT 2000"]
[Source "ChessBase"]
[SourceDate "1999.11.16"]
[SourceVersion "1"]
[SourceVersionDate "1999.11.16"]
[SourceQuality "1"]

1. Nf3 Nf6 2. c4 c5 3. g3 b6 4. Bg2 Bb7 5. 0-0 e6 6. Nc3 d6 7. Re1 Nbd7 8. e4 Qc7 9. d4 cxd4 10. Nxd4 Qxc4 11. Be3 Qb4 12. Ndb5 Rc8 13. a3 Qxb2 14. Rb1 Qxc3 15. Nxc3 Rxc3 16. Qa4 Bc6 17. Qxa7 d5 18. exd5 Nxd5 19. Bxd5 Bxd5 20. Rec1 Rxc1+ 21. Rxc1 Be7 22. Rc7 1-0